India-China: (Record no. 21422)

MARC details
000 -LEADER
fixed length control field 00529nam a22001817a 4500
003 - CONTROL NUMBER IDENTIFIER
control field BDDh-ASL
005 - DATE AND TIME OF LATEST TRANSACTION
control field 20231015030007.0
008 - FIXED-LENGTH DATA ELEMENTS--GENERAL INFORMATION
fixed length control field 210201s1974 ii ||||| |||| 00| 0 eng d
040 ## - CATALOGING SOURCE
Transcribing agency BDDh-ASL
082 ## - DEWEY DECIMAL CLASSIFICATION NUMBER
Classification number 327.5405
Item number HAI
100 1# - MAIN ENTRY--PERSONAL NAME
9 (RLIN) 3002
Personal name Harris, Nigel
245 10 - TITLE STATEMENT
Title India-China:
Remainder of title Underdevelopment and Revolution /
260 ## - PUBLICATION, DISTRIBUTION, ETC.
Place of publication, distribution, etc. Delhi:
Name of publisher, distributor, etc. Vikas Publishing House Pvt. Ltd.,
Date of publication, distribution, etc. 1974.
300 ## - PHYSICAL DESCRIPTION
Extent 339 p.:
Dimensions 22 cm.
504 ## - BIBLIOGRAPHY, ETC. NOTE
Bibliography, etc. note Include Index
650 #0 - SUBJECT ADDED ENTRY--TOPICAL TERM
9 (RLIN) 2973
Topical term or geographic name entry element Internatioal Relation
Geographic subdivision India
-- China
942 ## - ADDED ENTRY ELEMENTS (KOHA)
Source of classification or shelving scheme Dewey Decimal Classification
Koha item type Books
Holdings
Withdrawn status Lost status Source of classification or shelving scheme Damaged status Not for loan Collection code Home library Current library Shelving location Date acquired Source of acquisition Total Checkouts Full call number Barcode Date last seen Copy number Price effective from Koha item type
    Dewey Decimal Classification     Non-fiction Asiatic Society Library Asiatic Society Library General Stacks 02/01/2021 ASB Collection   327.5405 HAI 105135 02/01/2021 C-1 02/01/2021 Books

Powered by Koha